Strengthening metallic structures using externally bonded fibre-reinforced polymers (Record no. 104985)
[ view plain ]
| 000 -LEADER | |
|---|---|
| fixed length control field | 00991cam a2200241 4500 |
| 001 - CONTROL NUMBER | |
| control field | ##L132042 |
| 008 - FIXED-LENGTH DATA ELEMENTS--GENERAL INFORMATION | |
| fixed length control field | 051221n2004 000 0 eng u |
| 020 ## - INTERNATIONAL STANDARD BOOK NUMBER | |
| International Standard Book Number | 0860175952 |
| 035 ## - SYSTEM CONTROL NUMBER | |
| System control number | (Sirsi) u132042 |
| 041 0# - LANGUAGE CODE | |
| Language code of text/sound track or separate title | eng |
| 050 04 - LIBRARY OF CONGRESS CALL NUMBER | |
| Classification number | 693.7 $2 18 |
| 100 1# - MAIN ENTRY--PERSONAL NAME | |
| Personal name | Cadei, J. |
| 245 00 - TITLE STATEMENT | |
| Title | Strengthening metallic structures using externally bonded fibre-reinforced polymers |
| 260 ## - PUBLICATION, DISTRIBUTION, ETC. | |
| Place of publication, distribution, etc. | London |
| Name of publisher, distributor, etc. | CIRIA |
| Date of publication, distribution, etc. | 2004 |
| 300 ## - PHYSICAL DESCRIPTION | |
| Extent | 234p. |
| Other physical details | ill, tables |
| Dimensions | 30cm |
| 490 #0 - SERIES STATEMENT | |
| Series statement | CIRIA |
| Volume/sequential designation | C595 |
| 520 ## - SUMMARY, ETC. | |
| Summary, etc. | Guide to best practice on the design, selection, detailing, installation and subsequent maintenance of externally bonded fibre-reinforced polymers for metallic structures. Gives advice on the most appropriate methods, discussing the advantages and disadvantages of each method, both in terms of cost effectiveness and long term performance. |
| 690 ## - LOCAL SUBJECT ADDED ENTRY--TOPICAL TERM (OCLC, RLIN) | |
| Topical term or geographic name as entry element | BUILT ENVIRONMENT-BUILDING MATERIALS-METAL |
| 700 1# - ADDED ENTRY--PERSONAL NAME | |
| Personal name | Stratford, T. |
| 700 1# - ADDED ENTRY--PERSONAL NAME | |
| Personal name | Hollaway, L. |
| 700 1# - ADDED ENTRY--PERSONAL NAME | |
| Personal name | Duckett, W. |
| 942 ## - ADDED ENTRY ELEMENTS (KOHA) | |
| Suppress in OPAC | 0 |
| Withdrawn status | Lost status | Source of classification or shelving scheme | Damaged status | Not for loan | Home library | Current library | Shelving location | Date acquired | Total Checkouts | Full call number | Barcode | Date last seen | Copy number | Price effective from | Koha item type |
|---|---|---|---|---|---|---|---|---|---|---|---|---|---|---|---|
| Dewey Decimal Classification | London | London | Folio | 21/12/2005 | F693.7 CAD | 30071767 | 06/08/2019 | 1 | 06/08/2019 | Book |